000 00432nam a2200181 a 4500
001 1771067064280
003 YourLibrary
005 20260214163807.0
008 260214s2009##################000#0#eng##
020 _a9780415440288
082 0 4 _a320
_bIIS
100 1 _aAllin, Dana,
_eauthor.
245 1 0 _aSurvival 49. 2 :
260 _c2009.
650 0 _aHistory.
942 _cENGLISH
040 _aYourLibrary
_beng
_cYourLibrary
999 _c612605
_d612605